[Event "POL-chT3 Dolnoslaskie 1516"]
[Site "Poland"]
[Date "2016.02.21"]
[Round "7.13"]
[White "Cybulak, Adam"]
[Black "Guziewicz, Wojciech"]
[Result "1-0"]
[WhiteElo "2193"]
[BlackElo "1812"]
[PlyCount "69"]
[EventDate "2015.10.18"]
[EventType "team-tourn"]
[EventRounds "11"]
[EventCountry "POL"]
[SourceTitle "EXT 2018"]
[Source "ChessBase"]
[SourceDate "2017.10.13"]
[SourceVersion "1"]
[SourceVersionDate "2017.10.13"]
[SourceQuality "1"]

1. c4 Nf6 2. g3 e5 3. Bg2 c5 4. Nc3 Nc6 5. d3 Be7 6. Bg5 0-0 7. e3 Re8 8. Nge2 h6 9. Bxf6 Bxf6 10. Nd5 d6 11. Nec3 Be6 12. 0-0 Rb8 13. Rb1 Be7 14. a3 a6 15. b4 cxb4 16. axb4 Na7 17. b5 axb5 18. Nxb5 Nxb5 19. Rxb5 b6 20. Qb3 Bxd5 21. Bxd5 Qc7 22. c5 Bd8 23. cxb6 Qd7 24. Ra1 Re7 25. Ra7 Qf5 26. Rxe7 Bxe7 27. Ra5 Bd8 28. Ra8 Qc8 29. Rxb8 Qxb8 30. b7 Bc7 31. Bxf7+ Kh7 32. Bd5 Qf8 33. Qc4 Qe7 34. Qg4 Bb8 35. Be4+ 1-0

[Event "POL-chT3 Dolnoslaskie 1516"]
[Site "Poland"]
[Date "2016.01.10"]
[Round "5.18"]
[White "Cybulak, Adam"]
[Black "Holownia, Michal"]
[Result "1-0"]
[WhiteElo "2193"]
[BlackElo "1911"]
[PlyCount "79"]
[EventDate "2015.10.18"]
[EventType "team-tourn"]
[EventRounds "11"]
[EventCountry "POL"]
[SourceTitle "EXT 2018"]
[Source "ChessBase"]
[SourceDate "2017.10.13"]
[SourceVersion "1"]
[SourceVersionDate "2017.10.13"]
[SourceQuality "1"]

1. c4 e5 2. Nc3 Nf6 3. g3 Bb4 4. Bg2 0-0 5. Qc2 c6 6. a3 Bxc3 7. Qxc3 Re8 8. d3 d6 9. Nf3 Nbd7 10. 0-0 Nf8 11. b4 Bg4 12. h3 Bh5 13. Bb2 Ne6 14. e3 Qd7 15. Kh2 h6 16. Nd2 Nc7 17. a4 Rad8 18. d4 Ne6 19. dxe5 dxe5 20. Nb3 Ng5 21. Nc5 Qc7 22. f4 exf4 23. Rxf4 Ne6 24. Rxf6 Nxc5 25. bxc5 gxf6 26. Qxf6 Kf8 27. Qxh6+ Ke7 28. Qxh5 Rd2 29. Be5 Qa5 30. Rf1 Kd8 31. Rxf7 Rxg2+ 32. Kxg2 Qd2+ 33. Rf2 Qxe3 34. Bd6 Qe4+ 35. Qf3 Qxc4 36. Qf6+ Kc8 37. Qf7 Qxf7 38. Rxf7 Re4 39. h4 Rxa4 40. h5 1-0

[Event "POL-chT3 Dolnoslaskie 1516"]
[Site "Poland"]
[Date "2015.12.13"]
[Round "4.14"]
[White "Cybulak, Adam"]
[Black "Mastalarz, Jozef"]
[Result "1-0"]
[WhiteElo "2193"]
[BlackElo "1748"]
[PlyCount "81"]
[EventDate "2015.10.18"]
[EventType "team-tourn"]
[EventRounds "11"]
[EventCountry "POL"]
[SourceTitle "EXT 2018"]
[Source "ChessBase"]
[SourceDate "2017.10.13"]
[SourceVersion "1"]
[SourceVersionDate "2017.10.13"]
[SourceQuality "1"]

1. c4 Nf6 2. g3 e5 3. Bg2 Bc5 4. Nc3 Nc6 5. e3 0-0 6. Nge2 d6 7. 0-0 Re8 8. d3 Bf5 9. a3 a5 10. b3 Qd7 11. Nd5 Nxd5 12. cxd5 Ne7 13. Re1 Bb6 14. Nc3 Bg6 15. Kh1 f5 16. Ra2 Kh8 17. Rc2 Ng8 18. Qd2 Nf6 19. Bb2 f4 20. e4 fxg3 21. hxg3 Qg4 22. Qe2 Qg5 23. Bc1 Qh5+ 24. Qxh5 Bxh5 25. Na4 Rac8 26. Bh3 Bg4 27. Bxg4 Nxg4 28. Kg2 Bd4 29. f3 Nf6 30. Bd2 b6 31. Rec1 Bc5 32. b4 axb4 33. axb4 Bd4 34. Nc3 Bxc3 35. Rxc3 Re7 36. Rc6 b5 37. Rxd6 Ra8 38. Rdc6 Ra2 39. R1c2 Ra3 40. Bg5 Rxd3 41. Rxf6 1-0

[Event "POL-chT3 Dolnoslaskie 1516"]
[Site "Poland"]
[Date "2015.11.22"]
[Round "3.24"]
[White "Sitek, Pawel"]
[Black "Cybulak, Adam"]
[Result "0-1"]
[WhiteElo "1741"]
[BlackElo "2193"]
[PlyCount "32"]
[EventDate "2015.10.18"]
[EventType "team-tourn"]
[EventRounds "11"]
[EventCountry "POL"]
[SourceTitle "EXT 2018"]
[Source "ChessBase"]
[SourceDate "2017.10.13"]
[SourceVersion "1"]
[SourceVersionDate "2017.10.13"]
[SourceQuality "1"]

1. e4 e5 2. Nf3 Nc6 3. d4 exd4 4. Nxd4 Nf6 5. Nxc6 bxc6 6. e5 Qe7 7. Qe2 Nd5 8. c4 Ba6 9. b3 f6 10. f4 fxe5 11. fxe5 Qh4+ 12. g3 Qd4 13. Bb2 Bb4+ 14. Nd2 Qxb2 15. Rd1 Nc3 16. Qh5+ g6 0-1

[Event "POL-chT3 Dolnoslaskie 1516"]
[Site "Poland"]
[Date "2015.10.18"]
[Round "1.27"]
[White "Cybulak, Adam"]
[Black "Stelmaszuk, Maciej"]
[Result "1/2-1/2"]
[WhiteElo "2193"]
[BlackElo "1809"]
[PlyCount "56"]
[EventDate "2015.10.18"]
[EventType "team-tourn"]
[EventRounds "11"]
[EventCountry "POL"]
[SourceTitle "EXT 2018"]
[Source "ChessBase"]
[SourceDate "2017.10.13"]
[SourceVersion "1"]
[SourceVersionDate "2017.10.13"]
[SourceQuality "1"]

1. c4 Nf6 2. g3 e5 3. Bg2 Bc5 4. Nf3 d6 5. 0-0 0-0 6. d3 h6 7. Nc3 Bd7 8. Na4 Bb6 9. Nxb6 axb6 10. d4 exd4 11. Nxd4 Nc6 12. b3 Re8 13. Re1 Ng4 14. Nxc6 Bxc6 15. Qd4 Bxg2 16. Kxg2 Qf6 17. Qxf6 Nxf6 18. Bb2 Nd7 19. Bd4 f5 20. a4 Kf7 21. Rad1 Ne5 22. f3 Nc6 23. Kf2 Re7 24. Bc3 Rae8 25. e3 Na5 26. Bxa5 bxa5 27. Rd5 Re5 28. Rd3 b6 1/2-1/2

[Event "Legnica YM"]
[Site "Legnica"]
[Date "2008.12.03"]
[Round "7"]
[White "Dubinski, Mateusz"]
[Black "Cybulak, Adam"]
[Result "1-0"]
[WhiteElo "2158"]
[BlackElo "2225"]
[PlyCount "61"]
[EventDate "2008.11.28"]
[EventType "tourn"]
[EventRounds "7"]
[EventCountry "POL"]
[SourceTitle "EXT 2010"]
[Source "ChessBase"]
[SourceDate "2010.11.25"]
[SourceVersion "1"]
[SourceVersionDate "2010.11.25"]
[SourceQuality "1"]

1. e4 e5 2. Nf3 Nc6 3. Bb5 a6 4. Ba4 Nf6 5. 0-0 Nxe4 6. d4 b5 7. Bb3 d5 8. dxe5 Be6 9. c3 Be7 10. Bc2 0-0 11. Nbd2 Nc5 12. Nd4 Nxd4 13. cxd4 Nd7 14. f4 f5 15. Nf3 c5 16. dxc5 Nxc5 17. Nd4 Qd7 18. Be3 Ne4 19. Qe2 Rac8 20. Rad1 Bc5 21. Nxe6 Qxe6 22. Bb3 Rfd8 23. a3 Kh8 24. Bd4 Qb6 25. Qe3 Qe6 26. Rd3 Bxd4 27. Qxd4 Nc5 28. Bxd5 Nxd3 29. Bxe6 Rxd4 30. Bxc8 Nxf4 31. Bxf5 1-0

[Event "Legnica YM"]
[Site "Legnica"]
[Date "2008.12.01"]
[Round "5"]
[White "Szumilas, Pawel"]
[Black "Cybulak, Adam"]
[Result "1-0"]
[WhiteElo "2191"]
[BlackElo "2225"]
[PlyCount "87"]
[EventDate "2008.11.28"]
[EventType "tourn"]
[EventRounds "7"]
[EventCountry "POL"]
[SourceTitle "EXT 2010"]
[Source "ChessBase"]
[SourceDate "2010.11.25"]
[SourceVersion "1"]
[SourceVersionDate "2010.11.25"]
[SourceQuality "1"]

1. e4 c5 2. Nf3 Nc6 3. d4 cxd4 4. Nxd4 g6 5. Nc3 Bg7 6. Be3 Nf6 7. Bc4 d6 8. h3 0-0 9. Bb3 Na5 10. 0-0 a6 11. f4 Nxb3 12. axb3 d5 13. e5 Ne8 14. Nf3 Be6 15. Ng5 Rc8 16. Nxe6 fxe6 17. Ne2 Qd7 18. Nd4 Nc7 19. Qg4 Kf7 20. h4 h5 21. Qe2 Qe8 22. Qd3 Kg8 23. g3 Qf7 24. b4 Bh8 25. Rf2 Qe8 26. Kh2 Qf7 27. b5 Bg7 28. Ra3 axb5 29. Ra7 Na6 30. Qxb5 Nc5 31. Rg2 Qe8 32. Qxe8 Rfxe8 33. b4 Ne4 34. Rxb7 Kf7 35. Re2 Rb8 36. Rxb8 Rxb8 37. c3 Nxc3 38. Rc2 Nd1 39. Bd2 Nf2 40. b5 Rb7 41. Kg2 Ne4 42. Be3 Ra7 43. b6 Rb7 44. Nc6 1-0

[Event "Legnica YM"]
[Site "Legnica"]
[Date "2008.11.28"]
[Round "1"]
[White "Cybulak, Adam"]
[Black "Miklaszewicz, Michal"]
[Result "1-0"]
[WhiteElo "2225"]
[BlackElo "1812"]
[PlyCount "73"]
[EventDate "2008.11.28"]
[EventType "tourn"]
[EventRounds "7"]
[EventCountry "POL"]
[SourceTitle "EXT 2010"]
[Source "ChessBase"]
[SourceDate "2010.11.25"]
[SourceVersion "1"]
[SourceVersionDate "2010.11.25"]
[SourceQuality "1"]

1. c4 Nf6 2. g3 e5 3. Bg2 g6 4. Nc3 Bg7 5. Nf3 d6 6. 0-0 0-0 7. d3 Nbd7 8. Rb1 a5 9. Bg5 h6 10. Bxf6 Bxf6 11. a3 g5 12. b4 Bg7 13. Nd2 c6 14. b5 c5 15. Nd5 Nb6 16. Nxb6 Qxb6 17. Ne4 Be6 18. Nc3 Qc7 19. b6 Qe7 20. Nb5 Bd7 21. Nc7 Rab8 22. Qd2 a4 23. Qa5 f5 24. Bd5+ Kh8 25. Qa7 e4 26. Bxb7 exd3 27. exd3 f4 28. Na6 Rbd8 29. Be4 Qe6 30. b7 fxg3 31. fxg3 Bd4+ 32. Kh1 Qxe4+ 33. dxe4 Bc6 34. h3 Bxe4+ 35. Kh2 Bxb1 36. Rxf8+ Rxf8 37. b8Q 1-0

[Event "POL-chT 2nd div North"]
[Site "Lublin"]
[Date "1999.??.??"]
[Round "5"]
[White "Cybulak, Adam"]
[Black "Kolago, Marcin"]
[Result "0-1"]
[WhiteElo "2270"]
[BlackElo "2190"]
[PlyCount "60"]
[EventDate "1999.09.11"]
[EventType "team-swiss"]
[EventRounds "8"]
[EventCountry "POL"]
[SourceTitle "EXT 2003"]
[Source "ChessBase"]
[SourceDate "2002.11.25"]
[SourceVersion "1"]
[SourceVersionDate "2002.11.25"]
[SourceQuality "1"]
[WhiteTeam "Torun Torfarm 64"]
[BlackTeam "Ostroda Kormoran"]
[WhiteTeamCountry "POL"]
[BlackTeamCountry "POL"]

1. e4 e5 2. Nf3 Nc6 3. Bb5 a6 4. Ba4 Nf6 5. 0-0 d6 6. Re1 Be7 7. c3 0-0 8. h3 b5 9. Bc2 Bb7 10. d4 Re8 11. Nbd2 Bf8 12. d5 Ne7 13. b3 Ng6 14. c4 Nf4 15. Nf1 N6h5 16. Kh2 Bc8 17. Ng1 Nf6 18. g3 N4h5 19. Bd3 Bd7 20. Ne3 g6 21. Ng2 Bg7 22. Be3 c5 23. Qd2 Rc8 24. f3 Bf8 25. Rf1 Ng7 26. Bg5 Be7 27. Rae1 Nfh5 28. Bxe7 Rxe7 29. g4 Nf6 30. f4 Nfe8 0-1

[Event "POL-chT 2nd div North"]
[Site "Lublin"]
[Date "1999.??.??"]
[Round "3"]
[White "Kiedrowicz, Jan"]
[Black "Cybulak, Adam"]
[Result "1/2-1/2"]
[WhiteElo "2370"]
[BlackElo "2270"]
[PlyCount "54"]
[EventDate "1999.09.11"]
[EventType "team-swiss"]
[EventRounds "8"]
[EventCountry "POL"]
[SourceTitle "EXT 2003"]
[Source "ChessBase"]
[SourceDate "2002.11.25"]
[SourceVersion "1"]
[SourceVersionDate "2002.11.25"]
[SourceQuality "1"]
[WhiteTeam "POL-chT 2nd div North 3"]
[BlackTeam "Torun Torfarm 64"]
[WhiteTeamCountry "POL"]
[BlackTeamCountry "POL"]

1. Nf3 d5 2. g3 c6 3. Bg2 Nf6 4. 0-0 g6 5. b3 Bg7 6. Bb2 0-0 7. c4 Nbd7 8. d3 b6 9. Nbd2 Bb7 10. b4 a5 11. a3 axb4 12. axb4 Qc7 13. Qb3 Rxa1 14. Rxa1 Ra8 15. Rc1 Qb8 16. cxd5 cxd5 17. Nd4 Bh6 18. e3 Bf8 19. Nb5 e6 20. Nc7 Ra7 21. Bh3 Bg7 22. Nb5 Ra8 23. Nf3 Ne8 24. Bxg7 Kxg7 25. Bg2 Qd8 26. Qb2+ Qf6 27. d4 Qd8 1/2-1/2

[Event "Warsaw op"]
[Site "Warsaw"]
[Date "1993.??.??"]
[Round "8"]
[White "Cybulak, Adam"]
[Black "Dragomarezkij, Evgeni"]
[Result "0-1"]
[WhiteElo "2305"]
[BlackElo "2465"]
[PlyCount "94"]
[EventDate "1993.??.??"]
[EventType "swiss"]
[EventRounds "9"]
[EventCountry "POL"]
[SourceTitle "TD"]
[Source "ChessBase"]
[SourceDate "1994.03.01"]
[SourceVersion "1"]
[SourceVersionDate "1994.03.01"]
[SourceQuality "1"]

1. e4 c5 2. Nf3 d6 3. d4 cxd4 4. Nxd4 Nf6 5. Nc3 a6 6. Be2 e6 7. Be3 Qc7 8. a4 b6 9. f4 Bb7 10. Bf3 Nbd7 11. Nb3 Be7 12. 0-0 0-0 13. Qe2 Rfe8 14. Kh1 e5 15. f5 d5 16. exd5 Bb4 17. d6 Bxd6 18. Bxb7 Qxb7 19. Rad1 Bb4 20. Na2 Bf8 21. Nbc1 Qc6 22. Nc3 h6 23. Bf2 Bc5 24. Bxc5 bxc5 25. b3 Rab8 26. N1a2 e4 27. Rde1 Re7 28. Rf4 Rbe8 29. Qc4 Qd6 30. Qf1 Nb6 31. Rf2 e3 32. Rfe2 Ng4 33. g3 Nf2+ 34. Kg1 c4 35. Qg2 cxb3 36. cxb3 Re5 37. a5 Nd7 38. b4 Nf6 39. h3 Qd3 40. g4 Qd4 41. Kh2 Nd3 42. Rd1 Qc4 43. Rxd3 Qxd3 44. b5 axb5 45. Qc6 Nd5 46. a6 Nxc3 47. Nxc3 b4 0-1

[Event "Warsaw op"]
[Site "Warsaw"]
[Date "1993.??.??"]
[Round "7"]
[White "Shvedchikov, Anatoli I"]
[Black "Cybulak, Adam"]
[Result "1-0"]
[WhiteElo "2405"]
[BlackElo "2305"]
[PlyCount "131"]
[EventDate "1993.??.??"]
[EventType "swiss"]
[EventRounds "9"]
[EventCountry "POL"]
[SourceTitle "TD"]
[Source "ChessBase"]
[SourceDate "1994.03.01"]
[SourceVersion "1"]
[SourceVersionDate "1994.03.01"]
[SourceQuality "1"]

1. c4 c5 2. Nf3 Nf6 3. Nc3 d5 4. cxd5 Nxd5 5. g3 Nc6 6. Bg2 Nc7 7. d3 e5 8. Nd2 Bd7 9. 0-0 Be7 10. Nc4 f6 11. a4 Ne6 12. f4 exf4 13. gxf4 0-0 14. Nd5 b6 15. Bd2 Rc8 16. e3 Kh8 17. Bc3 Nc7 18. Nxe7 Nxe7 19. e4 Nc6 20. Qh5 Be8 21. Qg4 Nd4 22. Rf2 Rb8 23. Qd1 a5 24. Qe1 Bc6 25. Qe3 Qd7 26. Bh3 Nce6 27. Bxd4 cxd4 28. Qg3 Qe7 29. Bxe6 Qxe6 30. f5 Qe7 31. Qd6 Qxd6 32. Nxd6 Rbd8 33. Nc4 Rb8 34. b3 Rfd8 35. Rc2 Be8 36. Kf2 Bf7 37. Nd2 h6 38. Rc7 Bg8 39. Ke2 b5 40. axb5 Rxb5 41. Ra3 Rdb8 42. Ra7 Bxb3 43. R3xa5 Rxa5 44. Rxa5 Rb4 45. Nf3 Bf7 46. Nh4 Kh7 47. Ng2 Rb2+ 48. Kf3 Rd2 49. Ra3 Bh5+ 50. Kg3 g5 51. fxg6+ Bxg6 52. Nf4 Bf7 53. Ra7 Kg8 54. Rd7 Kf8 55. Rxd4 Ke7 56. Rb4 Rd1 57. Rb7+ Kf8 58. Kg4 Kg7 59. Kf5 Rf1 60. d4 Kf8 61. d5 Bg6+ 62. Kxg6 Rxf4 63. d6 Rxe4 64. Rb8+ Re8 65. Rxe8+ Kxe8 66. Kxh6 1-0

[Event "Moscow2"]
[Site "Moscow"]
[Date "1991.??.??"]
[Round "?"]
[White "Cybulak, Adam"]
[Black "Shchekachev, Andrei"]
[Result "0-1"]
[WhiteElo "2265"]
[BlackElo "2355"]
[PlyCount "60"]
[EventDate "1991.??.??"]
[EventType "tourn"]
[EventRounds "11"]
[EventCountry "URS"]
[EventCategory "5"]
[SourceTitle "CBM 021 Extra"]
[Source "ChessBase"]
[SourceDate "1991.05.01"]
[SourceVersion "1"]
[SourceVersionDate "1991.05.01"]
[SourceQuality "1"]

1. e4 d6 2. d4 g6 3. c3 Nf6 4. Bd3 Bg7 5. Nf3 0-0 6. 0-0 Nc6 7. d5 Nb8 8. c4 Bg4 9. h3 Bxf3 10. Qxf3 Na6 11. Nc3 Nd7 12. Bd2 e6 13. Rae1 f5 14. exf5 exf5 15. Qg3 Ne5 16. f4 Nxd3 17. Qxd3 Qd7 18. Be3 Rfe8 19. Bd4 Rxe1 20. Rxe1 Nb4 21. Qd2 Bxd4+ 22. Qxd4 Nc2 23. Qd2 Nxe1 24. Qxe1 Re8 25. Qf2 c5 26. dxc6 bxc6 27. Qd4 Qe7 28. Kh2 h5 29. b4 h4 30. Qd3 Qe3 0-1

[Event "Moscow2"]
[Site "Moscow"]
[Date "1991.??.??"]
[Round "?"]
[White "Ivanov, MD."]
[Black "Cybulak, Adam"]
[Result "1-0"]
[WhiteElo "2280"]
[BlackElo "2265"]
[PlyCount "131"]
[EventDate "1991.??.??"]
[EventType "tourn"]
[EventRounds "11"]
[EventCountry "URS"]
[EventCategory "5"]
[SourceTitle "CBM 021 Extra"]
[Source "ChessBase"]
[SourceDate "1991.05.01"]
[SourceVersion "1"]
[SourceVersionDate "1991.05.01"]
[SourceQuality "1"]

1. d4 g6 2. c4 Bg7 3. e4 d6 4. Nc3 Nc6 5. Be3 e5 6. d5 Nce7 7. c5 Bh6 8. cxd6 cxd6 9. Bxh6 Nxh6 10. h4 f5 11. h5 g5 12. Nf3 Nf7 13. Bb5+ Kf8 14. Qe2 f4 15. Nh2 Ng8 16. g3 Nf6 17. 0-0-0 a6 18. Bd3 Bd7 19. Kb1 Rc8 20. Rc1 Ke7 21. Rhg1 Qb6 22. Bc4 Rc7 23. Bb3 Rhc8 24. gxf4 gxf4 25. Rg7 Qd4 26. Rc2 b5 27. Nf3 Qb4 28. Nxe5 dxe5 29. d6+ Qxd6 30. Rxf7+ Ke8 31. Rxf6 Qxf6 32. Nd5 Qd6 33. Rxc7 Rxc7 34. Nxc7+ Qxc7 35. h6 Kd8 36. Qh5 Be8 37. Qg5+ Qe7 38. Qg8 Qd6 39. Bd5 Qxh6 40. a3 Ke7 41. Qh8 Qh5 42. Qg7+ Kd6 43. Qb7 Bd7 44. Ka2 Qg5 45. Qxa6+ Ke7 46. Qa7 Qf6 47. Qc5+ Qd6 48. Qc1 Be6 49. Bxe6 Qxe6+ 50. Ka1 Qc4 51. Qh1 Kd6 52. f3 Qd3 53. Ka2 Kc5 54. Qg1+ Qd4 55. Qh1 Qc4+ 56. Kb1 Kd4 57. Qg1+ Kd3 58. Qf2 h5 59. Qh2 Qf7 60. Kc1 Ke3 61. Qh1 h4 62. Kb1 Qh5 63. Qe1+ Kd3 64. Qf2 h3 65. Kc1 b4 66. Qd2+ 1-0

[Event "Moscow2"]
[Site "Moscow"]
[Date "1991.??.??"]
[Round "?"]
[White "Olbrich, Joachim"]
[Black "Cybulak, Adam"]
[Result "1-0"]
[WhiteElo "2360"]
[BlackElo "2265"]
[PlyCount "50"]
[EventDate "1991.??.??"]
[EventType "tourn"]
[EventRounds "11"]
[EventCountry "URS"]
[EventCategory "5"]
[SourceTitle "CBM 021 Extra"]
[Source "ChessBase"]
[SourceDate "1991.05.01"]
[SourceVersion "1"]
[SourceVersionDate "1991.05.01"]
[SourceQuality "1"]

1. d4 d5 2. c4 e6 3. Nf3 Nf6 4. Nc3 dxc4 5. Qa4+ c6 6. Qxc4 b5 7. Qb3 Be7 8. Bf4 Nbd7 9. e4 0-0 10. e5 Ne8 11. Bd3 Bb7 12. Ne4 a6 13. Neg5 g6 14. h4 c5 15. Bb1 Ng7 16. Nxh7 Kxh7 17. h5 c4 18. hxg6+ Kg8 19. Qe3 f5 20. Ng5 Bxg5 21. Bxg5 Bxg2 22. Qg3 Qxg5 23. Qxg5 Bxh1 24. Qh6 Rfc8 25. Qh7+ Kf8 1-0

[Event "Dreszer op"]
[Site "Gdynia"]
[Date "1989.??.??"]
[Round "4"]
[White "Solozhenkin, Evgeniy"]
[Black "Cybulak, Adam"]
[Result "1-0"]
[WhiteElo "2405"]
[BlackElo "2300"]
[PlyCount "109"]
[EventDate "1989.??.??"]
[EventType "swiss"]
[EventRounds "10"]
[EventCountry "POL"]
[SourceTitle "EXT 1997"]
[Source "ChessBase"]
[SourceDate "1996.11.15"]
[SourceVersion "1"]
[SourceVersionDate "1996.11.15"]
[SourceQuality "1"]

1. e4 e5 2. Nf3 Nc6 3. Bb5 a6 4. Ba4 Nf6 5. 0-0 Nxe4 6. d4 b5 7. Bb3 d5 8. dxe5 Be6 9. c3 Nc5 10. Nd4 Nxd4 11. cxd4 Nxb3 12. Qxb3 c5 13. dxc5 Bxc5 14. Qg3 Kf8 15. Nd2 d4 16. Ne4 Qd5 17. Nxc5 Qxc5 18. Bd2 Qc2 19. Qa3+ Kg8 20. Rfd1 h6 21. Ba5 Qe4 22. Bb6 Qxe5 23. Bxd4 Qf4 24. Be3 Qf5 25. Rd4 Qg6 26. Rd6 a5 27. Bd2 a4 28. Qb4 Rb8 29. Bf4 Kh7 30. Re1 Rb7 31. h3 Qc2 32. Rc1 Qf5 33. Rc5 Qb1+ 34. Kh2 Rc8 35. Rxc8 Bxc8 36. Qd4 Be6 37. Be5 Qg6 38. f4 b4 39. f5 Qxf5 40. Bxg7 Rb8 41. Be5 Rg8 42. Qe3 Rg5 43. Bf4 Rg6 44. Qd4 Bxa2 45. Rd8 Rg8 46. Rxg8 Kxg8 47. Qxb4 Bb3 48. Bxh6 Qe5+ 49. Bf4 Qxb2 50. Qb8+ Kh7 51. Be5 Qf2 52. Qh8+ Kg6 53. Qg7+ Kh5 54. Qg4+ Kh6 55. Bg7+ 1-0

[Event "Poznan op"]
[Site "Poznan"]
[Date "1988.??.??"]
[Round "3"]
[White "Semczuk, Jerzy"]
[Black "Cybulak, Adam"]
[Result "1/2-1/2"]
[WhiteElo "2230"]
[BlackElo "2295"]
[PlyCount "76"]
[EventDate "1988.??.??"]
[EventType "swiss"]
[EventRounds "7"]
[EventCountry "POL"]
[SourceTitle "EXT 1998"]
[Source "ChessBase"]
[SourceDate "1997.11.17"]
[SourceVersion "1"]
[SourceVersionDate "1997.11.17"]
[SourceQuality "1"]

1. e4 e5 2. Nf3 Nc6 3. Bb5 a6 4. Bxc6 dxc6 5. 0-0 f6 6. d4 Bg4 7. dxe5 Qxd1 8. Rxd1 fxe5 9. Rd3 Bd6 10. Nbd2 b5 11. b3 Ne7 12. h3 Bc8 13. Bb2 Ng6 14. Nf1 0-0 15. N1h2 c5 16. Re1 Be6 17. Ng4 c4 18. Rdd1 cxb3 19. cxb3 Bxg4 20. hxg4 Rf4 21. Rd5 Re8 22. Nh2 Ne7 23. Rd3 Nc6 24. g3 Rf7 25. Re2 Nb4 26. Rd1 Nxa2 27. Bxe5 Rxe5 28. Rxa2 Rxe4 29. Rxa6 Rf8 30. Ra2 Rfe8 31. Rd3 b4 32. Kg2 h6 33. Ra5 Re2 34. g5 Rf8 35. Nf3 hxg5 36. Rxg5 Rc2 37. Rgd5 Rb2 38. Nd2 Rc2 1/2-1/2

[Event "Myslenice-B"]
[Site "Myslenice"]
[Date "1987.??.??"]
[Round "7"]
[White "Zolnierowicz, Krzysztof"]
[Black "Cybulak, Adam"]
[Result "1-0"]
[WhiteElo "2340"]
[BlackElo "2235"]
[PlyCount "113"]
[EventDate "1987.??.??"]
[EventType "tourn"]
[EventRounds "11"]
[EventCountry "POL"]
[SourceTitle "EXT 1997"]
[Source "ChessBase"]
[SourceDate "1996.11.15"]
[SourceVersion "1"]
[SourceVersionDate "1996.11.15"]
[SourceQuality "1"]

1. e4 e5 2. Nf3 Nc6 3. Bc4 Bc5 4. c3 Nf6 5. d4 exd4 6. cxd4 Bb4+ 7. Bd2 Bxd2+ 8. Nbxd2 d5 9. exd5 Nxd5 10. Qb3 Nce7 11. 0-0 0-0 12. Rfe1 c6 13. Qa3 Bg4 14. Ne5 Be6 15. Ne4 Nc7 16. Nd6 Bxc4 17. Nexc4 b5 18. Ne5 Ncd5 19. Qc5 Qb6 20. Rac1 Qxc5 21. Rxc5 Rad8 22. Nb7 Rc8 23. Na5 Rfe8 24. Rec1 Nb4 25. a3 Na6 26. R5c2 c5 27. dxc5 Nf5 28. Nf3 b4 29. g3 bxa3 30. bxa3 Re4 31. Nb7 Nd4 32. Nxd4 Rxd4 33. Nd6 Rc6 34. Re1 g6 35. Re8+ Kg7 36. Rc8 Rxc8 37. Nxc8 Nc7 38. Nd6 Rd3 39. a4 Rb3 40. c6 a6 41. Rc4 f5 42. Nb7 Rb6 43. Kg2 Kf6 44. Na5 Rb2 45. Rd4 Ra2 46. Rd6+ Kg5 47. h4+ Kh6 48. Rd7 Rxa4 49. Nb7 Nb5 50. Nd8 Ra2 51. Ne6 Rc2 52. Nf8 Kh5 53. Rxh7+ Kg4 54. Nxg6 f4 55. Nxf4 Rxc6 56. f3+ Kf5 57. Rh5+ 1-0